[Event "Gelsenkirchen Silvester op 2nd"]
[Site "Gelsenkirchen"]
[Date "2014.12.28"]
[Round "3"]
[White "Fistoul, Ilja"]
[Black "Nikutowski, Oliver"]
[Result "0-1"]
[WhiteElo "1672"]
[BlackElo "1980"]
[PlyCount "50"]
[EventDate "2014.12.27"]
[EventType "swiss"]
[EventRounds "5"]
[EventCountry "GER"]
[SourceTitle "EXT 2019"]
[Source "ChessBase"]
[SourceDate "2018.10.10"]
[SourceVersion "1"]
[SourceVersionDate "2018.10.10"]
[SourceQuality "1"]

1. e4 d5 2. exd5 Nf6 3. c4 e6 4. d4 exd5 5. c5 g6 6. Bg5 Bg7 7. Be2 0-0 8. Nf3 b6 9. Nc3 bxc5 10. dxc5 c6 11. 0-0 Qa5 12. Bxf6 Bxf6 13. Nxd5 cxd5 14. Qxd5 Bd7 15. b4 Qxb4 16. Rab1 Bc6 17. Qd6 Qe4 18. Qxf6 Qxe2 19. Ne5 Nd7 20. Nxd7 Bxd7 21. c6 Qe6 22. Qxe6 Bxe6 23. Rb2 Rfc8 24. Rc1 Rc7 25. Rb7 Rac8 0-1

[Event "Dortmund Sparkassen op-B"]
[Site "Dortmund"]
[Date "2014.07.17"]
[Round "6"]
[White "Truemper, Michael"]
[Black "Fistoul, Ilja"]
[Result "1/2-1/2"]
[WhiteElo "1818"]
[BlackElo "1584"]
[PlyCount "56"]
[EventDate "2014.07.12"]
[EventType "swiss"]
[EventRounds "9"]
[EventCountry "GER"]
[SourceTitle "EXT 2022"]
[Source "ChessBase"]
[SourceDate "2021.10.06"]
[SourceVersion "1"]
[SourceVersionDate "2021.10.06"]
[SourceQuality "1"]

1. d4 e6 2. Nf3 f5 3. Bf4 Nf6 4. h4 b6 5. e3 Bb7 6. Be2 Nc6 7. c4 Bb4+ 8. Nc3 Ne4 9. Rc1 Qe7 10. Kf1 Bxc3 11. bxc3 0-0-0 12. Qc2 Rdg8 13. d5 Nd8 14. Rd1 d6 15. Nd4 g5 16. hxg5 Nxg5 17. Qa4 a5 18. Nc6 Nxc6 19. dxc6 Ba6 20. c5 Bxe2+ 21. Kxe2 Ne4 22. Qc4 Nxc5 23. g3 e5 24. Rd5 exf4 25. Rxc5 f3+ 26. Ke1 Qe4 27. Qxe4 fxe4 28. Rch5 Rg7 1/2-1/2

[Event "Dortmund Sparkassen op-B"]
[Site "Dortmund"]
[Date "2013.08.03"]
[Round "8"]
[White "Biermann, Lenhard"]
[Black "Fistoul, Ilja"]
[Result "1/2-1/2"]
[WhiteElo "1160"]
[BlackElo "1498"]
[PlyCount "62"]
[EventDate "2013.07.27"]
[EventType "swiss"]
[EventRounds "9"]
[EventCountry "GER"]
[SourceTitle "EXT 2022"]
[Source "ChessBase"]
[SourceDate "2021.10.06"]
[SourceVersion "1"]
[SourceVersionDate "2021.10.06"]
[SourceQuality "1"]

1. d4 e6 2. c4 f5 3. Nc3 Nf6 4. Nf3 Be7 5. Bf4 0-0 6. e3 b6 7. Be2 Bb7 8. 0-0 d6 9. Ng5 Qd7 10. Qb3 Ne4 11. Ncxe4 Bxe4 12. Nxe4 fxe4 13. Bg4 c6 14. d5 cxd5 15. cxd5 Qd8 16. Bxe6+ Kh8 17. Qa4 Bf6 18. Qb4 Na6 19. Qxd6 Bxb2 20. Qxd8 Raxd8 21. Rad1 Nc5 22. Bh3 Nd3 23. Be6 Nxf4 24. exf4 Rxf4 25. Rd2 Bc3 26. Rc2 Bd4 27. Rc8 Rxc8 28. Bxc8 e3 29. Ba6 exf2+ 30. Kh1 Re4 31. d6 Re1 1/2-1/2

[Event "Dortmund Sparkassen op-B"]
[Site "Dortmund"]
[Date "2013.07.29"]
[Round "3"]
[White "Fistoul, Ilja"]
[Black "Bauer, Dieter"]
[Result "0-1"]
[WhiteElo "1498"]
[BlackElo "1673"]
[PlyCount "110"]
[EventDate "2013.07.27"]
[EventType "swiss"]
[EventRounds "9"]
[EventCountry "GER"]
[SourceTitle "EXT 2022"]
[Source "ChessBase"]
[SourceDate "2021.10.06"]
[SourceVersion "1"]
[SourceVersionDate "2021.10.06"]
[SourceQuality "1"]

1. e4 g6 2. d4 c6 3. Nf3 Bg7 4. c3 d6 5. Be2 e5 6. dxe5 dxe5 7. Qxd8+ Kxd8 8. 0-0 f6 9. Be3 Nh6 10. Na3 Be6 11. Bc4 Re8 12. Rfd1+ Kc7 13. Rd3 Bf8 14. b4 Ng4 15. Rad1 Nxe3 16. Rxe3 Nd7 17. Red3 Rad8 18. Bxe6 Rxe6 19. Nc4 Ree8 20. a4 Nb6 21. Nxb6 axb6 22. Kf1 Rxd3 23. Rxd3 Ra8 24. Nd2 Rxa4 25. Ke2 b5 26. Rh3 h6 27. Rf3 Be7 28. Rg3 g5 29. h4 c5 30. hxg5 hxg5 31. bxc5 Bxc5 32. Rf3 Be7 33. Rd3 Ra2 34. Kd1 b4 35. g3 b6 36. f4 exf4 37. gxf4 gxf4 38. Rf3 bxc3 39. Rxc3+ Kb7 40. Rf3 Bd6 41. Nc4 Be5 42. Rd3 Kc6 43. Rd5 Ra1+ 44. Ke2 b5 45. Nxe5+ fxe5 46. Rxe5 Rc1 47. Rf5 b4 48. Rf8 Kc7 49. Rf5 Kc6 50. Rf8 Kd6 51. Rb8 Rb1 52. Kd2 b3 53. Rb5 f3 54. Ke3 b2 55. Kf2 Rh1 0-1

[Event "Dortmund Sparkassen op-B"]
[Site "Dortmund"]
[Date "2010.07.19"]
[Round "3"]
[White "Schrimpl, Michael"]
[Black "Fistoul, Ilja"]
[Result "1-0"]
[WhiteElo "1446"]
[BlackElo "1250"]
[PlyCount "127"]
[EventDate "2010.07.17"]
[EventType "swiss"]
[EventRounds "9"]
[EventCountry "GER"]
[SourceTitle "EXT 2014"]
[Source "ChessBase"]
[SourceDate "2013.11.20"]
[SourceVersion "1"]
[SourceVersionDate "2013.11.20"]
[SourceQuality "1"]

1. c4 e6 2. Nc3 f5 3. d4 Nf6 4. g3 d5 5. cxd5 exd5 6. a3 c6 7. Nf3 Nbd7 8. Bh3 Nb6 9. 0-0 Bd6 10. Bg5 0-0 11. Qc2 h6 12. Bxf6 Qxf6 13. e3 Bc7 14. b4 Nc4 15. Nd2 Nxd2 16. Qxd2 Bd7 17. Ne2 Rae8 18. Rac1 Bd6 19. Rce1 Bc8 20. Nc1 b6 21. f3 Qg6 22. Qc2 Bb7 23. f4 Qf7 24. Rf2 g6 25. Rg2 Qc7 26. Nd3 Ba6 27. Rf2 Bb7 28. Bg2 Re7 29. h3 Qd7 30. Bf3 Rg7 31. g4 Kh8 32. Ree2 Rfg8 33. Rh2 Qe6 34. Qd2 Ba6 35. Qc2 Bxd3 36. Qxd3 c5 37. dxc5 bxc5 38. Bxd5 Qf6 39. Bxg8 Rxg8 40. bxc5 Bxc5 41. Re1 Bb6 42. Qe2 Qd6 43. Qf3 Qxa3 44. Kh1 Qe7 45. gxf5 gxf5 46. Rg2 Rxg2 47. Qxg2 Qg7 48. Qxg7+ Kxg7 49. Kg2 a5 50. Kf3 Kf6 51. Rc1 Kg7 52. Rc6 Bd8 53. e4 fxe4+ 54. Kxe4 Kh7 55. Kf5 Kg7 56. Ke6 Kh7 57. f5 Kg7 58. Ra6 h5 59. Ra7+ Kh6 60. f6 Bxf6 61. Kxf6 h4 62. Rxa5 Kh7 63. Kg5 Kg7 64. Kxh4 1-0

[Event "Dortmund op-B"]
[Site "Dortmund"]
[Date "2009.07.09"]
[Round "6"]
[White "Fistoul, Ilja"]
[Black "Grabowski, Domenic"]
[Result "1-0"]
[WhiteElo "1470"]
[BlackElo "1150"]
[PlyCount "23"]
[EventDate "2009.07.04"]
[EventType "swiss"]
[EventRounds "9"]
[EventCountry "GER"]
[SourceTitle "EXT 2012"]
[Source "ChessBase"]
[SourceDate "2011.11.24"]
[SourceVersion "1"]
[SourceVersionDate "2011.11.24"]
[SourceQuality "1"]

1. d4 d5 2. Nf3 e6 3. c4 c5 4. cxd5 Qxd5 5. Nc3 Qd8 6. g3 Nc6 7. Be3 cxd4 8. Nxd4 Bd7 9. Bg2 a6 10. 0-0 Nge7 11. Ne4 Nxd4 12. Nd6# 1-0

[Event "Dortmund op-B"]
[Site "Dortmund"]
[Date "2009.07.07"]
[Round "4"]
[White "Fistoul, Ilja"]
[Black "Hlopotov, Nikita"]
[Result "1-0"]
[WhiteElo "1470"]
[BlackElo "1127"]
[PlyCount "95"]
[EventDate "2009.07.04"]
[EventType "swiss"]
[EventRounds "9"]
[EventCountry "GER"]
[SourceTitle "EXT 2012"]
[Source "ChessBase"]
[SourceDate "2011.11.24"]
[SourceVersion "1"]
[SourceVersionDate "2011.11.24"]
[SourceQuality "1"]

1. d4 d5 2. g3 Nf6 3. Bg2 Nc6 4. Nf3 Bg4 5. Nbd2 e6 6. 0-0 Bd6 7. h3 Bh5 8. c3 0-0 9. Nh2 Re8 10. f4 h6 11. Nhf3 Bg6 12. Ne5 Bxe5 13. dxe5 Ne4 14. Nxe4 Bxe4 15. Bxe4 dxe4 16. Be3 f6 17. Qxd8 Raxd8 18. exf6 gxf6 19. Rad1 a6 20. f5 e5 21. Bxh6 Na5 22. b3 c5 23. Rd2 c4 24. b4 Nc6 25. Rfd1 Kh7 26. Rxd8 Rxd8 27. Rxd8 Nxd8 28. Bd2 b5 29. Kf2 Nf7 30. h4 Nd6 31. g4 Kg7 32. Kg3 e3 33. Bxe3 Ne4+ 34. Kf3 Nxc3 35. g5 fxg5 36. hxg5 Nxa2 37. Ke4 c3 38. Kxe5 c2 39. f6+ Kf7 40. g6+ Kxg6 41. Ke6 c1Q 42. Bxc1 Nxc1 43. f7 Nxe2 44. f8Q Nd4+ 45. Kd5 Nc2 46. Qg8+ Kf5 47. Qh7+ Kf4 48. Qxc2 1-0

[Event "GER-ch Net qual4 U14"]
[Site "Playchess.com INT"]
[Date "2009.06.17"]
[Round "4"]
[White "Fistoul, Ilja"]
[Black "Oehne, Timo"]
[Result "0-1"]
[WhiteElo "1703"]
[BlackElo "1677"]
[PlyCount "68"]
[EventDate "2009.06.17"]
[EventType "swiss (blitz)"]
[EventRounds "7"]
[EventCountry "GER"]
[SourceTitle "CBM 130 Extra"]
[Source "ChessBase"]
[SourceDate "2009.07.02"]
[SourceVersion "2"]
[SourceVersionDate "2009.07.15"]
[SourceQuality "1"]

1. d4 d5 2. c4 e5 3. dxe5 d4 4. Nf3 Nc6 5. e3 Bb4+ 6. Bd2 dxe3 7. Bxb4 Qxd1+ 8. Kxd1 Nxb4 9. fxe3 Ne7 10. Nc3 0-0 11. Bd3 Rd8 12. Ke2 Rxd3 13. Nd5 Nexd5 14. cxd5 Rxd5 15. Rhc1 Nc6 16. b4 a6 17. a4 Nxe5 18. b5 Nxf3 19. Kxf3 axb5 20. axb5 Rxa1 21. Rxa1 f6 22. Ra8 Rd8 23. Rb8 Kf7 24. Ke4 Ke7 25. Kf4 g5+ 26. Kg3 h5 27. h4 gxh4+ 28. Kxh4 Ke8 29. Kxh5 Bg4+ 30. Kxg4 Rxb8 31. Kf5 c6 32. bxc6 Kf7 33. c7 Rc8 34. Ke4 Rxc7 0-1

[Event "GER-ch Net qual4 U14"]
[Site "Playchess.com INT"]
[Date "2009.06.17"]
[Round "2"]
[White "Fistoul, Ilja"]
[Black "Osmanodja, Filiz"]
[Result "0-1"]
[WhiteElo "1703"]
[BlackElo "1963"]
[PlyCount "34"]
[EventDate "2009.06.17"]
[EventType "swiss (blitz)"]
[EventRounds "7"]
[EventCountry "GER"]
[SourceTitle "CBM 130 Extra"]
[Source "ChessBase"]
[SourceDate "2009.07.02"]
[SourceVersion "2"]
[SourceVersionDate "2009.07.15"]
[SourceQuality "1"]

1. d4 Nf6 2. c4 e6 3. e3 b6 4. Bd3 Bb7 5. f3 c5 6. dxc5 Bxc5 7. Ne2 0-0 8. Nbc3 d5 9. cxd5 Nxd5 10. Nxd5 Bxd5 11. Nc3 Bb7 12. 0-0 Nd7 13. Bb5 Nf6 14. Be2 Qe7 15. Kh1 Rfd8 16. e4 Rxd1 17. Bxd1 Rd8 0-1

[Event "GER-ch Net qual4 U14"]
[Site "Playchess.com INT"]
[Date "2009.06.17"]
[Round "7"]
[White "Heilmann, Jean Michel"]
[Black "Fistoul, Ilja"]
[Result "0-1"]
[WhiteElo "1288"]
[BlackElo "1703"]
[PlyCount "98"]
[EventDate "2009.06.17"]
[EventType "swiss (blitz)"]
[EventRounds "7"]
[EventCountry "GER"]
[SourceTitle "CBM 130 Extra"]
[Source "ChessBase"]
[SourceDate "2009.07.02"]
[SourceVersion "2"]
[SourceVersionDate "2009.07.15"]
[SourceQuality "1"]

1. e4 e6 2. d4 b6 3. Nc3 Bb7 4. Bc4 Bb4 5. Nge2 Bxe4 6. 0-0 Bb7 7. f4 Bxc3 8. Nxc3 Nf6 9. Qe2 Nc6 10. Be3 0-0 11. f5 exf5 12. Rxf5 Re8 13. Qd3 Nb4 14. Qd2 Be4 15. Nxe4 Rxe4 16. Re1 Nc6 17. Bg5 Rxe1+ 18. Qxe1 Nxd4 19. Bxf6 gxf6 20. Qg3+ Kh8 21. Rh5 Qg8 22. Qxg8+ Rxg8 23. Bxf7 Rg7 24. Bb3 c5 25. c3 Nxb3 26. axb3 Rg5 27. Rxg5 fxg5 28. Kf2 Kg7 29. Ke3 Kf6 30. Ke4 Ke6 31. g3 h5 32. h3 d5+ 33. Kd3 Ke5 34. Ke3 b5 35. Kd3 a5 36. Ke3 d4+ 37. cxd4+ cxd4+ 38. Kd3 Kd5 39. g4 h4 40. Kd2 Ke4 41. Ke2 a4 42. bxa4 bxa4 43. Kd2 d3 44. Kd1 Ke3 45. Ke1 Kd4 46. Kd2 Kc4 47. Kc1 Kb3 48. Kb1 d2 49. Ka1 d1Q# 0-1

[Event "GER-ch Net qual3 U14"]
[Site "Playchess.com INT"]
[Date "2009.05.17"]
[Round "5"]
[White "Andrae, Philipp"]
[Black "Fistoul, Ilja"]
[Result "1-0"]
[WhiteElo "1396"]
[BlackElo "1703"]
[PlyCount "55"]
[EventDate "2009.05.17"]
[EventType "swiss (blitz)"]
[EventRounds "7"]
[EventCountry "GER"]
[SourceTitle "CBM 130 Extra"]
[Source "ChessBase"]
[SourceDate "2009.07.02"]
[SourceVersion "2"]
[SourceVersionDate "2009.07.15"]
[SourceQuality "1"]

1. e4 e6 2. d4 b6 3. Nc3 Bb7 4. Nf3 Bb4 5. e5 f5 6. Bg5 Ne7 7. Qd2 0-0 8. a3 Bxf3 9. gxf3 Bxc3 10. Qxc3 Nbc6 11. f4 Qe8 12. Qh3 Ng6 13. Rg1 Nxd4 14. 0-0-0 Nc6 15. Bb5 Nce7 16. Rd3 c6 17. Bc4 Kh8 18. b3 b5 19. Bxe6 dxe6 20. Rd6 Nd5 21. Rg3 Rd8 22. Bxd8 Ngxf4 23. Bf6 Nxh3 24. Bxg7+ Kg8 25. Bh6+ Kh8 26. Bg7+ Kg8 27. Bf6+ Kf7 28. Rg7# 1-0

[Event "GER-ch Net qual3 U14"]
[Site "Playchess.com INT"]
[Date "2009.05.17"]
[Round "7"]
[White "Fistoul, Ilja"]
[Black "Dallinger, Moritz"]
[Result "0-1"]
[WhiteElo "1703"]
[BlackElo "1363"]
[PlyCount "100"]
[EventDate "2009.05.17"]
[EventType "swiss (blitz)"]
[EventRounds "7"]
[EventCountry "GER"]
[SourceTitle "CBM 130 Extra"]
[Source "ChessBase"]
[SourceDate "2009.07.02"]
[SourceVersion "2"]
[SourceVersionDate "2009.07.15"]
[SourceQuality "1"]

1. d4 d5 2. g4 Bxg4 3. Bg2 Nf6 4. Nf3 Qd7 5. Ne5 Qc8 6. Nxg4 Qxg4 7. 0-0 Nc6 8. h3 Qg6 9. Kh1 e6 10. Rg1 Qf5 11. Bd2 Bd6 12. c4 0-0 13. cxd5 Nxd5 14. Qb3 Nxd4 15. Qxb7 Nc2 16. Bxd5 Qxd5+ 17. Qxd5 exd5 18. Na3 Nxa1 19. Rxa1 Bxa3 20. bxa3 Rfe8 21. e3 c5 22. Rc1 c4 23. Bc3 Rab8 24. Rd1 Rb5 25. Rd4 Re5 26. Kg2 Rb1 27. Rxc4 dxc4 28. Bxe5 Rb6 29. Bd4 Rc6 30. Kf1 c3 31. Ke2 c2 32. Bb2 c1Q 33. Bxc1 Rxc1 34. Kd2 Ra1 35. Kc2 Rxa2+ 36. Kb3 Rxf2 37. Kc4 Rf3 38. Kd5 Rxe3 39. Kc6 Rxh3 40. Kb7 Rxa3 41. Ka8 Ra6 42. Kb8 Re6 43. Ka8 Kf8 44. Kb8 h5 45. Ka8 h4 46. Kb8 h3 47. Ka8 h2 48. Kb8 Re7 49. Kc8 h1Q 50. Kd8 Qa8# 0-1

[Event "GER-ch Net qual1 U14"]
[Site "Playchess.com INT"]
[Date "2009.05.10"]
[Round "4"]
[White "Meyers, Mark"]
[Black "Fistoul, Ilja"]
[Result "0-1"]
[WhiteElo "1447"]
[BlackElo "1703"]
[PlyCount "70"]
[EventDate "2009.05.10"]
[EventType "swiss (blitz)"]
[EventRounds "7"]
[EventCountry "GER"]
[SourceTitle "CBM 130 Extra"]
[Source "ChessBase"]
[SourceDate "2009.07.02"]
[SourceVersion "2"]
[SourceVersionDate "2009.07.15"]
[SourceQuality "1"]

1. c4 e6 2. Nc3 b6 3. g3 Bb7 4. Nf3 f5 5. Bg2 Nf6 6. 0-0 Be7 7. d3 0-0 8. a3 d6 9. b4 Nbd7 10. Bf4 e5 11. Bd2 Qe8 12. Qb3 Qf7 13. Rab1 c5 14. bxc5 Nxc5 15. Qb2 Rac8 16. Be3 Ng4 17. Bxc5 dxc5 18. h3 Bxf3 19. Bxf3 Nf6 20. Nd5 Kh8 21. Nxf6 Bxf6 22. Bd5 Qh5 23. h4 e4 24. Qd2 exd3 25. Bf3 Qg6 26. Qxd3 Bxh4 27. g4 Rcd8 28. Qc2 Rf6 29. Kh2 fxg4 30. Be4 Qh6 31. Kg2 Rdf8 32. Rh1 Rxf2+ 33. Kg1 Qf4 34. Bg2 Rxg2+ 35. Kxg2 Qg3# 0-1